书目信息 |
| 题名: |
失落的文明:印加
|
|
| 作者: | 沈小榆 著 | |
| 分册: | ||
| 出版信息: | 上海 华东师大出版社 2001 |
|
| 页数: | 165页 | |
| 开本: | 20cm | |
| 丛书名: | ||
| 单 册: | ||
| 中图分类: | K778.2 | |
| 科图分类: | ||
| 主题词: | 南美洲--历史 | |
| 电子资源: | ||
| ISBN: | 7-5617-2699-6 | |
| 000 | 00526nam0 2200181 450 | |
| 001 | 0736196517 | |
| 005 | 20070924100316.51 | |
| 010 | @a7-5617-2699-6@d¥10.00 | |
| 100 | @a20070924d km y0chiy0120 ea | |
| 101 | 0 | @achi |
| 200 | 1 | @a失落的文明:印加@Ashi luo de wen ming:yin jia@f沈小榆著@Fshen xiao yu zhu |
| 210 | @a上海@c华东师大出版社@d2001 | |
| 215 | @a165页@c照片@d20cm | |
| 606 | 0 | @a南美洲@x历史 |
| 690 | @aK778.2@v3 | |
| 701 | 0 | @a沈小榆@Ashen xiao yu@4著 |
| 801 | 0 | @aCN@bPFT@c20070924 |
| 905 | @a213230@dK778.2@eZY4@f1 | |
| 失落的文明:印加/沈小榆著.-上海:华东师大出版社,2001 |
| 165页:照片;20cm |
| ISBN 7-5617-2699-6:¥10.00 |
| ● |
| 相关链接 |
|
|
|
|
正题名:失落的文明:印加
索取号:K778.2/ZY4
 
预约/预借
| 序号 | 登录号 | 条形码 | 馆藏地/架位号 | 状态 | 备注 |
| 1 | 7900436 | 279004364 | 密集书库-资源管理系/ [索取号:K778.2/ZY4] | 在馆 |